| 000 | 00686cam a2200241 4500 | ||
|---|---|---|---|
| 001 | J622 | ||
| 008 | 090401t xxu||||| |||| 00| 0 eng d | ||
| 035 | _a(Sirsi) u75822 | ||
| 041 | _aeng | ||
| 050 | _a692.5 | ||
| 110 |
_aUnited Kingdom _bProperty Services Agency _91138 |
||
| 245 | _aQuantity surveyors information. Note 25 (December 1988) - Note 31 (June 1990) | ||
| 260 |
_aCroydon _bProperty Services Agency _c1989-90 |
||
| 300 | _a7 pt. ; 30cm. | ||
| 350 | _a0 | ||
| 650 | _aBUILT ENVIRONMENT-BUILDING COSTS | ||
| 650 | _aINDICES | ||
| 650 | _aBUILT ENVIRONMENT-QUANTITY SURVEYING | ||
| 650 | _aSTATISTICS | ||
| 650 | _aTENDER PRICES | ||
| 942 | _n0 | ||
| 948 | _c04/03/1997 | ||
| 999 |
_c96080 _d96080 |
||